000 00640nam a2200217 i 4500
001 bg
100 1 _aOSTWALD, Marian
245 1 0 _aPodstawy wytrzymałości materiałów /
_cMarian Ostwald.
260 _aPoznań :
_bWydaw. Politechniki Poznańskiej,
_c1997.
300 _a276 s. :
_b1 fot., rys., wykr. ;
_c24 cm.
504 _aBibliogr. s. 269-270. - Indeks.
650 9 _aWytrzymałość materiałów
655 _aPodręczniki akademickie
020 _a8371430353
040 _cBPK
041 0 _apl
080 _a539.3/.6:620.17(075.8)
920 _a83-7143-035-3
942 _cKS
008 s pl f |000 0 pol
999 _c32610
_d32610
856 _uhttp://koha.tu.koszalin.pl/cgi-bin/koha/opac-detail.pl?biblionumber=32610
_yKatalog online BPK